[Event "St Martin op"]
[Site "St Martin"]
[Date "1993.??.??"]
[Round "6"]
[White "Gamboa, Nelson"]
[Black "Wojtkiewicz, Aleksander"]
[Result "0-1"]
[WhiteElo "2395"]
[BlackElo "2580"]

1.e4 c5 2.Nc3 d6 3.f4 Nc6 4.Nf3 g6 5.Bc4 Bg7 6.O-O e6 7.d3 Nge7 8.Qe1 O-O
9.Bb3 Na5 10.Be3 b6 11.Bf2 Bb7 12.Bh4 Nxb3 13.axb3 Qd7 14.Kh1 f6 15.d4 cxd4
16.Nxd4 f5 17.Rd1 fxe4 18.Bxe7 Qxe7 19.Nxe4 e5 20.Nc3 Rad8 21.Qe2 Rd7 22.fxe5 Rxf1+
23.Rxf1 dxe5 24.Qc4+ Kh8 25.Nde2 e4 26.Nf4 e3 27.Nfd5 Qe6 28.Nb4 Qxc4 29.bxc4 Bxc3
30.bxc3 e2 31.Rg1 Be4  0-1

[Event "St Martin op"]
[Site "St Martin"]
[Date "1993.??.??"]
[Round "7"]
[White "Wojtkiewicz, Aleksander"]
[Black "Olafsson, Helgi"]
[Result "1/2-1/2"]
[WhiteElo "2580"]
[BlackElo "2515"]

1.Nf3 c5 2.c4 g6 3.d4 cxd4 4.Nxd4 Bg7 5.e4 Nc6 6.Be3 Nf6 7.Nc3 O-O 8.Be2 d6
9.O-O Bd7 10.Qd2 Nxd4 11.Bxd4 Bc6 12.f3 a5 13.b3 Nd7 14.Be3 Nc5 15.Rab1 e6
16.Rfc1 b6 17.Rc2 Qe7 18.Bf1 Rfd8 19.Rd1 Ra7 20.Bg5 Bf6 21.Bxf6 Qxf6 22.Qe3 Rb7
23.Rcd2 e5 24.g3 Kg7 25.Bh3 Qe7 26.f4 Rbb8 27.f5 g5 28.Bg4 f6 29.h4 h6 30.Bh5 Rd7
31.Bg6 Rh8 32.Rh2 Rdd8 33.Kf2 Qb7 34.Kf3 Nxe4 35.Nxe4 g4+ 36.Kxg4 Bxe4 37.Rf2 Bg2
38.Kh5 Rd7 39.g4 Kf8 40.Rfd2  1/2-1/2

[Event "Warsaw m"]
[Site "Warsaw"]
[Date "1993.??.??"]
[Round "1"]
[White "Gdanski, Jacek"]
[Black "Wojtkiewicz, Aleksander"]
[Result "1/2-1/2"]
[WhiteElo "2480"]
[BlackElo "2580"]

1.e4 c5 2.Nf3 d6 3.d4 cxd4 4.Nxd4 Nf6 5.Nc3 a6 6.f4 e5 7.Nf3 Nbd7 8.Bd3 Be7
9.a4 O-O 10.O-O exf4 11.Kh1 Ne5 12.Bxf4 Bg4 13.Be2 Nxf3 14.Bxf3 Be6 15.Qe1 Nd7
16.Rd1 Qb6 17.b3 Rac8 18.Nd5 Bxd5 19.exd5 Bf6 20.Be3 Qc7 21.Bg4 Bc3 22.Qg3 Rce8
23.Bxd7 Qxd7 24.Bf4 Be5 25.h3 b5 26.axb5 axb5 27.c4 bxc4 28.bxc4 Qc7 29.Bxe5 Rxe5
30.Rd4 f5 31.Qd3 Rfe8 32.Rdf4 g6 33.Kh2 Re2 34.Qg3 Kh8 35.R1f2 R2e3 36.R2f3 Rxf3
37.Rxf3 Qe7  1/2-1/2

[Event "Warsaw m"]
[Site "Warsaw"]
[Date "1993.??.??"]
[Round "4"]
[White "Wojtkiewicz, Aleksander"]
[Black "Gdanski, Jacek"]
[Result "1/2-1/2"]
[WhiteElo "2580"]
[BlackElo "2480"]

1.Nf3 c5 2.c4 g6 3.g3 Bg7 4.Bg2 Nf6 5.Nc3 O-O 6.d4 cxd4 7.Nxd4 Nc6 8.O-O Nxd4
9.Qxd4 d6 10.Qd3 a6 11.Be3 Ng4 12.Bd4 Ne5 13.Qd1 Rb8 14.Ba7 Ra8 15.Bd4 Nc6
16.Bxg7 Kxg7 17.Qd2 Be6 18.Nd5 Bxd5 19.Bxd5 Qb6 20.Rfd1 Rac8 21.b3 Rfd8 22.Rac1 Nb4
23.Bg2 a5 24.e3 Kg8 25.Qb2 Nc6 26.Rd5 Qc7 27.Rcd1 b6 28.h4 h5 29.Qe2 Ne5
30.Bh3 e6  1/2-1/2

[Event "Sonnevanck"]
[Site "Wijk aan Zee"]
[Date "1993.??.??"]
[Round "1"]
[White "Wojtkiewicz, Aleksander"]
[Black "Johansen, Darryl K"]
[Result "1/2-1/2"]
[WhiteElo "2570"]
[BlackElo "2495"]

1.Nf3 d5 2.d4 c5 3.c4 cxd4 4.cxd5 Nf6 5.Qxd4 Qxd5 6.Nc3 Qxd4 7.Nxd4 a6 8.g3 Bd7
9.Bg2 e5 10.Nb3 Bc6 11.O-O Bb4 12.Bd2 Bxg2 13.Kxg2 Nc6 14.Rfd1 O-O-O 15.a3 Bxc3
16.Bxc3 Ne4 17.Be1 b6 18.f3  1/2-1/2

[Event "Sonnevanck"]
[Site "Wijk aan Zee"]
[Date "1993.??.??"]
[Round "2"]
[White "Kuijf, Marinus"]
[Black "Wojtkiewicz, Aleksander"]
[Result "0-1"]
[WhiteElo "2445"]
[BlackElo "2570"]

1.Nc3 c5 2.Nf3 e6 3.d4 cxd4 4.Nxd4 a6 5.g3 Nf6 6.Bg2 Be7 7.O-O O-O 8.Bf4 d6
9.Nb3 Nc6 10.a4 d5 11.a5 Bb4 12.Bd2 Nxa5 13.Nxd5 Nxb3 14.Nxf6+ Qxf6 15.Bxb4 Rd8
16.cxb3 Rxd1 17.Rfxd1 e5 18.Rd6 Be6 19.Bxb7 Rb8 20.Rdxa6 h5 21.Be4 g6 22.Ra8 Rxa8
23.Rxa8+ Kh7 24.Bc3 Bh3 25.Ra1 Qb6 26.b4 Qb5 27.Bf3 f6 28.Ra7+ Kh6 29.Bd2+ g5
30.Be4 f5 31.Bf3 e4 32.Bg2 Bxg2 33.Kxg2 Qxe2 34.Rd7 f4 35.Rd6+ Kh7 36.Rd7+ Kg6
37.Rd6+ Kf5 38.Bc3 e3 39.Rf6+ Ke4 40.Re6+ Kd3  0-1

[Event "Sonnevanck"]
[Site "Wijk aan Zee"]
[Date "1993.??.??"]
[Round "4"]
[White "Wojtkiewicz, Aleksander"]
[Black "Blees, Albert"]
[Result "1-0"]
[WhiteElo "2570"]
[BlackElo "2415"]

1.Nf3 Nf6 2.c4 g6 3.g3 Bg7 4.Bg2 O-O 5.d4 d6 6.O-O Nbd7 7.Nc3 e5 8.e4 c6
9.Rb1 exd4 10.Nxd4 Ne5 11.b3 Nfd7 12.h3 Nc5 13.Be3 Re8 14.f4 Ned7 15.Bf2 a5
16.Qc2 h5 17.Rfe1 Nf6 18.Rbd1 Qc7 19.Ndb5 cxb5 20.Nxb5 Qe7 21.Nxd6 Nfd7 22.Nxe8 Qxe8
23.e5 Ra6 24.a3 Bf8 25.b4 axb4 26.axb4 Ne6 27.Qd2 Ra3 28.Ra1 Rxa1 29.Rxa1 Nb8
30.Ra8 Nc6 31.b5 Ne7 32.Bxb7 h4 33.g4 Qd7 34.Qxd7 Bxd7 35.Bxh4 g5 36.Bxg5 Nxg5
37.fxg5 Ng6 38.Bc8 Nxe5 39.Bxd7 Nxd7 40.Rd8 Nc5 41.b6 Kg7 42.Kg2 Be7 43.Rc8 Bd6
44.h4  1-0

[Event "Sonnevanck"]
[Site "Wijk aan Zee"]
[Date "1993.??.??"]
[Round "6"]
[White "Wojtkiewicz, Aleksander"]
[Black "Rogers, Ian"]
[Result "1/2-1/2"]
[WhiteElo "2570"]
[BlackElo "2595"]

1.Nf3 d5 2.d4 Nf6 3.c4 e6 4.g3 dxc4 5.Qa4+ Nbd7 6.Qxc4 a6 7.Bg2 b5 8.Qc6 Ra7
9.O-O Bb7 10.Qc2 c5 11.dxc5 Bxc5 12.Bg5 Qb6 13.Bxf6 Nxf6 14.Nc3 O-O 15.e3 Rc8
16.a3 h6 17.Qe2 Be7 18.Rfc1 Ba8 19.Ne5 Bxg2 20.Kxg2 Rac7 21.Nd3 Ne8 22.Na2 Nd6
23.Rxc7 Rxc7 24.Rc1 Nc4 25.Nc3 Qb7+ 26.Qf3 Qc8 27.Ne2 Bf6 28.Nef4 Qd8 29.Qe2 Rd7
30.b3 Nxa3 31.Rc6 Qa8 32.Qf3 Nb1 33.Rc2 Qxf3+ 34.Kxf3 a5 35.Nc5 Rc7 36.Nfd3 a4
37.bxa4 bxa4 38.Rc1 a3 39.Rxb1 a2 40.Rb8+ Kh7 41.Nb3 Rc3 42.Ra8 Rxd3 43.Nc1 a1=Q
44.Rxa1 Rd1 45.Rb1 Re1 46.Ke4 g5 47.Kd3 Kg6 48.Kc2 h5 49.Nd3 Rxb1 50.Kxb1 Kf5
51.f3 g4 52.e4+ Kg5 53.f4+ Kg6 54.Ne5+ Kg7 55.Kc2 Bd8 56.Kd2 Bb6 57.Ke2 Ba7  1/2-1/2

[Event "Sonnevanck"]
[Site "Wijk aan Zee"]
[Date "1993.??.??"]
[Round "8"]
[White "Wojtkiewicz, Aleksander"]
[Black "Sokolov, Andrei"]
[Result "1/2-1/2"]
[WhiteElo "2570"]
[BlackElo "2525"]

1.e4 c5 2.Nf3 e6 3.d4 cxd4 4.Nxd4 Nf6 5.Nc3 d6 6.Be2 Be7 7.O-O O-O 8.f4 Nc6
9.Be3 a6 10.Kh1 Qc7 11.a4  1/2-1/2

[Event "Sonnevanck"]
[Site "Wijk aan Zee"]
[Date "1993.??.??"]
[Round "9"]
[White "Armas, Iulius"]
[Black "Wojtkiewicz, Aleksander"]
[Result "1/2-1/2"]
[WhiteElo "2410"]
[BlackElo "2570"]

1.d4 Nf6 2.Nf3 g6 3.e3 Bg7 4.Bd3 d5 5.O-O O-O 6.Nbd2 Bf5 7.Bxf5 gxf5 8.Ne5 Nbd7
9.Nxd7 Nxd7 10.f3 e6  1/2-1/2

[Event "Antwerp op"]
[Site "Antwerp"]
[Date "1994.??.??"]
[Round "1"]
[White "Lendvai, Noemi"]
[Black "Wojtkiewicz, Aleksander"]
[Result "0-1"]
[WhiteElo "2095"]
[BlackElo "2560"]

1.e4 c5 2.Nf3 d6 3.d4 cxd4 4.Nxd4 Nf6 5.Nc3 a6 6.Be3 e5 7.Nb3 Be7 8.f3 Be6
9.Qd2 Nbd7 10.O-O-O Rc8 11.Kb1 Nb6 12.g4 h5 13.g5 Nfd7 14.g6 fxg6 15.Rg1 Bf7
16.Nd5 Nxd5 17.exd5 Nb6 18.Bh3 Nc4 19.Qd3 Nxe3 20.Qxe3 Rc4 21.Qd3 Rf4 22.Be6 Rh6
23.Nd2 Bxe6 24.dxe6 g5 25.Qd5 Qc8 26.Ne4 Rxe6 27.Rd3 Rg6 28.Rgd1 g4 29.Rc3 Qe6
30.Qxb7 gxf3 31.Rc8+ Kf7 32.Qc6 Rxe4  0-1

[Event "Antwerp op"]
[Site "Antwerp"]
[Date "1994.??.??"]
[Round "2"]
[White "Wojtkiewicz, Aleksander"]
[Black "Docx, Stefan"]
[Result "1-0"]
[WhiteElo "2560"]
[BlackElo "2270"]

1.Nf3 Nf6 2.c4 g6 3.g3 Bg7 4.Bg2 O-O 5.d4 d6 6.O-O Nc6 7.Nc3 Bg4 8.d5 Na5
9.Nd2 c5 10.Qc2 a6 11.h3 Bd7 12.b3 b5 13.Bb2 Rb8 14.Rab1 Qc7 15.e4 Rb7 16.Ba1 bxc4
17.bxc4 Rfb8 18.Rxb7 Rxb7 19.f4 h5 20.Ne2 Ne8 21.Bxg7 Kxg7 22.Qc3+ f6 23.Nc1 Rb8
24.Nd3 Nb7 25.Rb1 Nd8 26.Re1 Kf7 27.e5 Bf5 28.Nf2 Bc8 29.g4 hxg4 30.hxg4 Qb6
31.Qe3 Qa5 32.exf6  1-0

[Event "Antwerp op"]
[Site "Antwerp"]
[Date "1994.??.??"]
[Round "3"]
[White "Akesson, Ralf"]
[Black "Wojtkiewicz, Aleksander"]
[Result "1/2-1/2"]
[WhiteElo "2460"]
[BlackElo "2560"]

1.Nf3 c5 2.c4 Nf6 3.Nc3 g6 4.e4 d6 5.d4 cxd4 6.Nxd4 Nc6 7.Be2 Nxd4 8.Qxd4 Bg7
9.Bg5 O-O 10.Qd2 Be6 11.f3 Rc8 12.Nd5 Nxd5 13.cxd5 Bd7 14.O-O f5 15.Be3 fxe4
16.fxe4 Rxf1+ 17.Rxf1 Qc7  1/2-1/2

[Event "Antwerp op"]
[Site "Antwerp"]
[Date "1994.??.??"]
[Round "6"]
[White "Wojtkiewicz, Aleksander"]
[Black "Cekro, Ekrem"]
[Result "1-0"]
[WhiteElo "2560"]
[BlackElo "2420"]

1.Nf3 Nf6 2.c4 g6 3.g3 Bg7 4.Bg2 O-O 5.d4 Nc6 6.O-O a6 7.Nc3 Rb8 8.d5 Na5
9.c5 b6 10.Qa4 Nb7 11.cxb6 Nc5 12.bxc7 Qxc7 13.Qd1 Rb6 14.Be3 d6 15.b3 Bd7
16.Rc1 Rb4 17.h3 Rfb8 18.Nd4 e6 19.dxe6 fxe6 20.a3 Rxd4 21.Bxd4 Nxb3 22.Bxf6 Bc8
23.Bd4 Bd7 24.Bf6  1-0

[Event "Antwerp op"]
[Site "Antwerp"]
[Date "1994.??.??"]
[Round "8"]
[White "Wojtkiewicz, Aleksander"]
[Black "Blatny, Pavel"]
[Result "1/2-1/2"]
[WhiteElo "2560"]
[BlackElo "2485"]

1.Nf3 d5 2.d4 Nf6 3.c4 e6 4.g3 dxc4 5.Bg2 Be7 6.O-O O-O 7.Qc2 a6 8.a4 Nbd7
9.Nbd2 c5 10.dxc5 Bxc5 11.Nxc4 Nd5 12.Bd2 h6 13.a5 b6 14.axb6 Bb7 15.Ba5 Rc8
16.Qb3 N5xb6 17.Rad1 Bd5 18.Nfe5 Qe7 19.Bxd5 exd5 20.Nxb6 Nxb6 21.Bc3 d4
22.Ng6 Qg5 23.Nxf8 dxc3 24.Ne6 fxe6 25.Qxe6+ Kh8 26.bxc3 a5 27.Rb1 Qd8 28.e3 a4
29.Rb5 a3 30.Rfb1 Na4 31.Qb3 Ra8 32.Rd1 Qc8 33.c4 Be7 34.Ra1 Nc5 35.Qb4 a2
36.Qd2 Ne4 37.Qc2 Bf6 38.Rxa2 Rxa2 39.Qxa2 Nc3 40.Qb3 Nxb5 41.cxb5  1/2-1/2

[Event "Bonn GSK"]
[Site "Bonn"]
[Date "1994.??.??"]
[Round "2"]
[White "Wojtkiewicz, Aleksander"]
[Black "Kveinys, Aloyzas"]
[Result "1/2-1/2"]
[WhiteElo "2560"]
[BlackElo "2520"]

1.Nf3 Nf6 2.c4 c5 3.Nc3 e6 4.g3 Nc6 5.Bg2 d5 6.cxd5 Nxd5 7.O-O Be7 8.d4 cxd4
9.Nxd4 Nxc3 10.bxc3 Bd7  1/2-1/2

[Event "Bonn GSK"]
[Site "Bonn"]
[Date "1994.??.??"]
[Round "5"]
[White "Glek, Igor V"]
[Black "Wojtkiewicz, Aleksander"]
[Result "1/2-1/2"]
[WhiteElo "2590"]
[BlackElo "2560"]

1.e4 c5 2.Nf3 d6 3.d4 cxd4 4.Nxd4 Nf6 5.Nc3 a6 6.a4 Nc6 7.Be2 e6 8.O-O Be7
9.Be3 O-O 10.f4 Re8 11.Bf3 Qc7 12.Nb3 b6 13.g4 Bb7 14.g5 Nd7 15.Bg2 Na5 16.Nd2 Bf8
17.Rf3  1/2-1/2

[Event "Bonn GSK"]
[Site "Bonn"]
[Date "1994.??.??"]
[Round "6"]
[White "Wojtkiewicz, Aleksander"]
[Black "Shabalov, Alexander"]
[Result "1/2-1/2"]
[WhiteElo "2560"]
[BlackElo "2590"]

1.d4 Nf6 2.c4 d6 3.Nc3 Bf5 4.f3 e5 5.d5 e4 6.g4 Nxg4 7.fxg4 Qh4+ 8.Kd2 e3+
9.Kxe3 Qg5+ 10.Kd4 c5+ 11.dxc6 Nxc6+ 12.Kd5 Qe7 13.gxf5 Qe5+  1/2-1/2

[Event "Bonn GSK"]
[Site "Bonn"]
[Date "1994.??.??"]
[Round "7"]
[White "Gawehns, Klaus"]
[Black "Wojtkiewicz, Aleksander"]
[Result "1-0"]
[WhiteElo "2345"]
[BlackElo "2560"]

1.c4 c5 2.Nc3 Nf6 3.g3 e6 4.Nf3 b6 5.Bg2 Bb7 6.O-O a6 7.Re1 Be7 8.e4 d6 9.d4 cxd4
10.Nxd4 Qc7 11.Be3 O-O 12.Rc1 Re8 13.f4 Bf8 14.f5 Nbd7 15.fxe6 fxe6 16.Bh3 Nc5
17.b4 e5 18.bxc5 exd4 19.cxb6 Qxb6 20.Bxd4 Qd8 21.Nd5 Nxe4 22.Bf5 Ng5 23.Rxe8 Qxe8
24.Qg4 Bxd5 25.cxd5 Qa4 26.Be6+  1-0

[Event "Bonn GSK"]
[Site "Bonn"]
[Date "1994.??.??"]
[Round "9"]
[White "Wojtkiewicz, Aleksander"]
[Black "Sieglen, Joachim"]
[Result "1/2-1/2"]
[WhiteElo "2560"]
[BlackElo "2410"]

1.Nf3 f5 2.b3 d6 3.d4 g6 4.Bb2 Bg7 5.Nbd2 Nf6 6.g3 O-O 7.Bg2 a5 8.O-O a4
9.c4 e5 10.dxe5 Ng4 11.Qc2 Nxe5 12.b4 a3 13.Bc3 Qe7 14.e3 Kh8 15.Rad1 Nbd7
16.Rfe1 Nb6 17.Nxe5 dxe5 18.c5 Na4 19.Ba1 Nb2 20.Bxb2 axb2 21.Qxb2 Be6 22.a3 e4
23.Qc1 Rfd8 24.Bf1 b6 25.Bc4 bxc5 26.Bxe6 Qxe6 27.Qxc5 Rd5 28.Qc1 Rd3 29.Nb1 Qd5
30.Qc2 c6 31.Rc1 Rc8 32.Qc4 Qxc4 33.Rxc4 Bb2 34.b5 c5 35.a4 Rb3 36.Nd2 Rd3
37.Nb1 Kg8 38.Kg2 Kf7 39.Re2 Bf6 40.Rec2 Be7 41.a5 Rb3 42.Nc3 Rb4 43.Nd5 Rxb5
44.Ra4 Ra8 45.a6 Ra7 46.f3 exf3+ 47.Kxf3 Bd6 48.e4 Ke6 49.Ne3 fxe4+ 50.Kxe4 Be5
51.Nc4 Bg7 52.Ra5  1/2-1/2

[Event "Heart of Finland op 4th"]
[Site "Jyvaskyla"]
[Date "1994.??.??"]
[Round "?"]
[White "Hintikka, Eero"]
[Black "Wojtkiewicz, Aleksander"]
[Result "0-1"]
[WhiteElo "2210"]
[BlackElo "2560"]

1.e4 c5 2.Nf3 d6 3.d4 cxd4 4.Nxd4 Nf6 5.Nc3 a6 6.g3 e6 7.Bg2 Bd7 8.g4 h6
9.h4 Nc6 10.g5 hxg5 11.hxg5 Rxh1+ 12.Bxh1 Nxd4 13.Qxd4 Ng4 14.f3 Ne5 15.f4 Nc6
16.Qf2 Na5 17.b3 Rc8 18.Bb2 b5 19.O-O-O g6 20.Kb1 b4 21.Ne2 Qc7 22.Ng3 Nc6
23.f5 Ne5 24.fxg6 fxg6 25.Rf1 Be7 26.Bxe5 dxe5 27.Qf7+ Kd8 28.Qg8+ Be8 29.Rd1+ Bd6
30.Rd2 Qe7 31.Rf2 Bc5 32.Rf6 Qd6 33.Bf3 Qd2 34.Ne2 Be3 35.Qxe6 Qd1+  0-1

[Event "Heart of Finland op 4th"]
[Site "Jyvaskyla"]
[Date "1994.??.??"]
[Round "?"]
[White "Havansi, Erkki ET"]
[Black "Wojtkiewicz, Aleksander"]
[Result "1/2-1/2"]
[WhiteElo "2280"]
[BlackElo "2560"]

1.e4 c5 2.Nf3 d6 3.d4 cxd4 4.Qxd4 a6 5.c4 Nc6 6.Qd1 g6 7.Be2 Bg7 8.O-O Nf6
9.Nc3 O-O 10.h3 Nd7 11.Be3 Nc5 12.Nd4 Bd7 13.Rc1 Nxd4 14.Bxd4 Bh6 15.Rb1 Ne6
16.Nd5 Nxd4 17.Qxd4 Bg7 18.Qe3 Rb8 19.Rfd1 b6 20.Rd2 Re8 21.Rbd1 Bc6 22.Kh1 Ba8
23.Bf3 Be5 24.g3 e6 25.Nb4 Qc8 26.b3 a5 27.Nd3 Bc3 28.Rc2 Bg7 29.Bg2 Qc7
30.Rcd2 h5 31.Re2 Kh7 32.h4 b5 33.cxb5 Rxb5 34.Rc1 Qb8 35.Rc4 d5 36.exd5 Bxd5
37.Rc5 Rd8 38.Bxd5 Rxd5 39.Rxd5 Rxd5 40.Nf4 Bh6 41.Nxd5 Bxe3 42.Nxe3 Qd6
43.Kh2 Qd3 44.Rc2 Kg7 45.Kg2 a4 46.bxa4 Qe4+ 47.Kg1 Qxa4 48.f4 e5 49.fxe5 Qe4
50.Kf2 Qxe5 51.Rc4 Qb2+ 52.Rc2 Qa3 53.Rd2 Kf6 54.Re2 Qa8 55.Nf1 Qa7+ 56.Kg2 Kf5
57.Rf2+ Ke5 58.Re2+ Kf6 59.Rf2+ Kg7 60.Rd2 f6 61.Rf2 Qb7+ 62.Kg1 Qb6 63.Kg2 Qc6+
64.Kg1 Qc5 65.Kg2 Qd5+ 66.Kg1 Qd4 67.Kg2 g5 68.hxg5 fxg5 69.Rd2 Qe4+ 70.Kg1 Kg6
71.Rf2 Qd4 72.Kg2 g4 73.Rd2 Qe4+ 74.Kg1 Kg5 75.Rh2 Qd5 76.Rg2 Qd4+ 77.Kh1 Kf5
78.Rd2 Qc5 79.Kg2 Qc6+ 80.Kg1 Qb6+ 81.Kg2 Qc5 82.Rf2+ Kg5 83.Re2 h4 84.gxh4+ Kxh4
85.Kh1 Qd5+ 86.Kg1 Qd4+ 87.Kh1 Kg5  1/2-1/2

[Event "Heart of Finland op 4th"]
[Site "Jyvaskyla"]
[Date "1994.??.??"]
[Round "?"]
[White "Wojtkiewicz, Aleksander"]
[Black "Erneste, Inguna"]
[Result "1/2-1/2"]
[WhiteElo "2560"]
[BlackElo "2285"]

1.Nf3 d5 2.d4 Nf6 3.c4 e6 4.g3 dxc4 5.Qa4+ c6 6.Qxc4 b5 7.Qc2 Bb7 8.Bg2 Nbd7
9.Nc3 a6 10.O-O c5 11.Bf4 cxd4 12.Nxd4 Bxg2 13.Kxg2  1/2-1/2

[Event "Heart of Finland op 4th"]
[Site "Jyvaskyla"]
[Date "1994.??.??"]
[Round "?"]
[White "Wojtkiewicz, Aleksander"]
[Black "Westerinen, Heikki MJ"]
[Result "1-0"]
[WhiteElo "2560"]
[BlackElo "2370"]

1.Nf3 d5 2.d4 Bf5 3.c4 dxc4 4.Nc3 Nf6 5.e3 e6 6.Bxc4 Be7 7.O-O O-O 8.Qe2 Ne4
9.Rd1 c6 10.Ne5 Nd7 11.Nxd7 Qxd7 12.a4 a5 13.f3 Nxc3 14.bxc3 Bg6 15.e4 Kh8
16.Bf4 Bd6 17.Bxd6 Qxd6 18.Rab1 Qa3 19.Qb2 Qd6 20.Qc1 Qc7 21.Qe3 Rfc8 22.Rb3 Rab8
23.Rdb1 f5 24.Bxe6 Re8 25.d5 fxe4 26.fxe4 cxd5 27.Bxd5 Qd7 28.Qd4 Rxe4 29.Bxe4 Qxd4+
30.cxd4 Bxe4 31.Rc1 Ra8 32.Rc5 h6 33.d5  1-0

[Event "Heart of Finland op 4th"]
[Site "Jyvaskyla"]
[Date "1994.??.??"]
[Round "?"]
[White "Wojtkiewicz, Aleksander"]
[Black "Zaja, Ivan"]
[Result "0-1"]
[WhiteElo "2560"]
[BlackElo "2385"]

1.Nf3 Nf6 2.c4 g6 3.g3 Bg7 4.Bg2 O-O 5.d4 d6 6.O-O Nc6 7.Nc3 e5 8.h3 Bf5
9.d5 e4 10.Nh4 Ne5 11.Nxf5 gxf5 12.b3 Nh5 13.Bd2 e3 14.Bxe3 f4 15.Bxf4 Nxf4
16.gxf4 Ng6 17.Rc1 Nxf4 18.e3 Ng6 19.f4 f5 20.Kh2 Qe7 21.Qd2 Rae8 22.Rce1 Qh4
23.Nb5 Re7 24.Nxa7 Rfe8 25.Nb5 Bh6 26.Nd4 Rxe3 27.Rxe3 Bxf4+ 28.Kh1 Bxe3  0-1

[Event "Munich Express"]
[Site "Munich"]
[Date "1994.??.??"]
[Round "?"]
[White "Podzielny, Karl Heinz"]
[Black "Wojtkiewicz, Aleksander"]
[Result "0-1"]
[WhiteElo "2470"]
[BlackElo "2555"]

1.Nf3 c5 2.g3 b6 3.Bg2 Bb7 4.O-O Nf6 5.a3 e6 6.c3 Be7 7.d3 d5 8.b4 Nbd7 9.Nbd2 O-O
10.Rb1 Qc7 11.Bb2 Rad8 12.Qb3 e5 13.bxc5 Nxc5 14.Qc2 Ne6 15.a4 Rfe8 16.Rfc1 e4
17.Nh4 Bc5 18.Nb3 e3 19.f4 Ng4 20.Nxc5 bxc5 21.Rf1 Bc6 22.Bc1 Nf8 23.Nf3 Ng6
24.h3 Nf2 25.d4 Ne4 26.Ne5 Nxg3 27.Rf3 Bxa4 28.Qxa4 Nxe2+ 29.Kf1 Nxc3 30.Qc2 cxd4
31.Rb4 Nxe5 32.fxe5 Qxe5 33.Bb2 e2+ 34.Ke1 Qh2  0-1

[Event "New York op"]
[Site "New York"]
[Date "1994.??.??"]
[Round "1"]
[White "Montero Martinez, Cristian"]
[Black "Wojtkiewicz, Aleksander"]
[Result "0-1"]
[WhiteElo "2245"]
[BlackElo "2555"]

1.e4 c5 2.Nf3 d6 3.d4 cxd4 4.Nxd4 Nf6 5.Nc3 a6 6.a4 Nc6 7.Bg5 e6 8.Be2 Be7
9.O-O O-O 10.Kh1 Bd7 11.Nb3 Na5 12.Qd2 Nxb3 13.cxb3 Bc6 14.f3 d5 15.exd5 Nxd5
16.Bxe7 Qxe7 17.Nxd5 Bxd5 18.Bc4 Rfd8 19.Qc3 Rac8 20.a5 Rc5 21.Qb4 Qc7 22.Rfd1 h6
23.Bd3 Rc8 24.Qa4 Bc6 25.Qa3 Rh5  0-1

[Event "New York op"]
[Site "New York"]
[Date "1994.??.??"]
[Round "2"]
[White "Wojtkiewicz, Aleksander"]
[Black "Bjarnason, Saevar"]
[Result "1-0"]
[WhiteElo "2555"]
[BlackElo "2315"]

1.Nf3 Nf6 2.c4 g6 3.g3 Bg7 4.Bg2 O-O 5.d4 d6 6.O-O Nbd7 7.Nc3 e5 8.e4 c6
9.Rb1 exd4 10.Nxd4 Re8 11.h3 a5 12.Re1 Nc5 13.b3 Nh5 14.Be3 Qe7 15.Qd2 Qf8
16.Rbd1 Nf6 17.Qc2 Nfd7 18.f4 h5 19.Bf2 Nf6 20.Nf3 Nh7 21.Bd4 Bh6 22.a3 Ne6
23.Bf2 g5 24.f5 g4 25.hxg4 hxg4 26.Nh2 Nc5 27.Nxg4 Bg5 28.Bd4 f6 29.Bf3 Nd7
30.Na4 Ne5 31.Nxe5 dxe5 32.Bc5 Qh6 33.Kg2 Nf8 34.Nb6 Ra6 35.Rh1 Qg7 36.Bh5  1-0

[Event "New York Murphy-ACF"]
[Site "New York"]
[Date "1994.??.??"]
[Round "2"]
[White "Fedorowicz, John P"]
[Black "Wojtkiewicz, Aleksander"]
[Result "1/2-1/2"]
[WhiteElo "2520"]
[BlackElo "2555"]

1.e4 c5 2.Nf3 d6 3.d4 cxd4 4.Nxd4 Nf6 5.Nc3 a6 6.Be3 e5 7.Nf3 Be7 8.a4 Ng4
9.Bc1 Be6 10.Be2 Nc6 11.O-O Nf6 12.Bg5 O-O 13.Qd2 Qa5 14.Bxf6  1/2-1/2

[Event "New York Murphy-ACF"]
[Site "New York"]
[Date "1994.??.??"]
[Round "3"]
[White "Wojtkiewicz, Aleksander"]
[Black "Rogers, Norman"]
[Result "1-0"]
[WhiteElo "2555"]
[BlackElo "2290"]

1.Nf3 Nf6 2.c4 g6 3.g3 Bg7 4.Bg2 O-O 5.d4 d6 6.O-O Nbd7 7.Nc3 e5 8.e4 c6
9.Rb1 a5 10.h3 exd4 11.Nxd4 Re8 12.b3 Nc5 13.Re1 Nfd7 14.Be3 h5 15.Qc2 Qe7
16.Rbd1 Ne5 17.f4 Ned7 18.Bf2 Qf6 19.Nde2 Qe7 20.Qd2 Bf8 21.Nd4 a4 22.b4 Ne6
23.Nxe6 fxe6 24.a3 e5 25.f5 gxf5 26.exf5 Nf6 27.Ne4 Nxe4 28.Bxe4 Qf6 29.g4 Be7
30.Be3 Qh4 31.Qg2 Kh8 32.Bf2 Qf6 33.g5 Qxg5 34.Qxg5 Bxg5 35.Rxd6 Rf8 36.Rg6 Rg8
37.Rxg8+ Kxg8 38.Rd1 Kf7 39.Kh1 Be7 40.Be3 h4 41.Kh2 Ke8 42.Rg1 Kf7 43.Rd1 Ke8
44.Kg2 Kf7 45.Kf3 Kf6 46.Rg1 Bd7 47.Bg5+ Kf7 48.Bxe7 Kxe7 49.Rg7+ Kd6 50.c5+ Kc7
51.f6 Rf8 52.Bf5 Rxf6 53.Rxd7+  1-0

[Event "New York Murphy-ACF"]
[Site "New York"]
[Date "1994.??.??"]
[Round "4"]
[White "Ashley, Maurice"]
[Black "Wojtkiewicz, Aleksander"]
[Result "1/2-1/2"]
[WhiteElo "2460"]
[BlackElo "2555"]

1.e4 c5 2.Nf3 d6 3.d4 cxd4 4.Nxd4 Nf6 5.Nc3 a6 6.Bc4 e6 7.Bb3 b5 8.O-O Be7
9.Qf3 Qc7 10.Qg3 O-O 11.Bh6 Ne8 12.Rfd1 Bd7 13.Nf3 Nc6 14.Ne2 Ne5 15.Nfd4 Kh8
16.Bc1 Nf6 17.f3 Nc4 18.c3 Rac8 19.Bxc4 Qxc4 20.Qf2 Qc7 21.Kh1 d5 22.exd5 Nxd5
23.Nf5 Bc5 24.Qh4 exf5 25.Rxd5 Rfe8 26.Bf4 Qc6 27.Rd2 f6 28.Rad1 Be6 29.Nd4 Bxd4
30.Rxd4 Bxa2 31.h3 Bb3 32.R1d2 Be6 33.Kh2 Qb7 34.Qg3 g5 35.Bd6 f4 36.Qf2 Rcd8
37.Bc5 Rxd4 38.Qxd4 Kg7 39.Qd6 Kf7 40.b4 Bc4 41.Rd1 Kg6 42.Rd2  1/2-1/2

[Event "New York Murphy-ACF"]
[Site "New York"]
[Date "1994.??.??"]
[Round "6"]
[White "Waitzkin, Joshua"]
[Black "Wojtkiewicz, Aleksander"]
[Result "0-1"]
[WhiteElo "2430"]
[BlackElo "2555"]

1.e4 c5 2.Nf3 d6 3.d4 cxd4 4.Nxd4 Nf6 5.Nc3 a6 6.g3 e6 7.Bg2 Bd7 8.O-O Nc6
9.Nce2 Rc8 10.b3 b5 11.Bb2 Be7 12.h3 O-O 13.Qd2 Qa5 14.Bc3 Qc7 15.Rac1 Nxd4
16.Qxd4 Bc6 17.g4 Rfd8 18.Bb2 Qb7 19.Ng3 d5 20.e5 Ne4 21.Ne2 b4 22.Qe3 Bb5
23.Bxe4 dxe4 24.Rfe1 h6 25.c4 bxc3 26.Rxc3 Bg5 27.Rxc8 Rxc8 28.Nf4 Rc2 29.Bd4 Rxa2
30.Qg3 Qe7 31.Ng2 Qb4 32.Bc3 Qxb3 33.h4 e3 34.fxe3 Bc6 35.e4 Bd2 36.Re2 Bxc3
37.Rxa2 Bd4+  0-1

[Event "New York Murphy-ACF"]
[Site "New York"]
[Date "1994.??.??"]
[Round "7"]
[White "Wojtkiewicz, Aleksander"]
[Black "Levitt, Jonathan"]
[Result "1-0"]
[WhiteElo "2555"]
[BlackElo "2445"]

1.c4 f5 2.Nf3 Nf6 3.g3 d6 4.d4 g6 5.Bg2 Bg7 6.O-O O-O 7.Nc3 c6 8.d5 e5 9.dxe6 Bxe6
10.Qd3 Na6 11.Bf4 d5 12.Ng5 Nc5 13.Qc2 d4 14.Na4 Nfd7 15.Rad1 Re8 16.Nxc5 Nxc5
17.b4 h6 18.Nf3 Na6 19.Nxd4 Nxb4 20.Qb3 Bxd4 21.e3 g5 22.Rxd4 Qa5 23.Bd6 c5
24.Rd2 Nc6 25.Qc2 Rad8 26.Rfd1 Nd4 27.exd4 Rxd6 28.Bxb7 Rxd4 29.Re2 Rxd1+
30.Qxd1 Bf7 31.Rxe8+ Bxe8 32.Qd5+ Bf7 33.Qxf5 Qb4 34.Bd5 Bxd5 35.cxd5 c4
36.Qg6+ Kf8 37.Qxh6+ Ke8 38.Qe6+ Kd8 39.d6 Qb1+ 40.Kg2 Qb7+ 41.f3 Qb2+ 42.Kh3 Qh8+
43.Kg4 Qd4+ 44.f4 Qg7  1-0

[Event "New York op"]
[Site "New York"]
[Date "1994.??.??"]
[Round "8"]
[White "Wojtkiewicz, Aleksander"]
[Black "Sokolin, Leonid M"]
[Result "1/2-1/2"]
[WhiteElo "2555"]
[BlackElo "2450"]

1.Nf3 c5 2.c4 Nc6 3.d4 cxd4 4.Nxd4 Qb6 5.Nb3 Nf6 6.Nc3 e6 7.a3 d5 8.Be3 Qd8
9.cxd5 exd5 10.g3 Be7 11.Bg2 Be6 12.O-O O-O 13.Nd4 Qd7 14.Nxe6 fxe6 15.Qa4 a6
16.Rad1 b5 17.Qc2 Rac8 18.Bf4 Bd6 19.Bg5 Be5 20.e4 d4 21.Ne2 h6 22.Bc1 Rfd8
23.Qd3 Bb8 24.Bh3 Qe7 25.Qb3 Kf7 26.Nf4 Bxf4 27.Bxf4 Na5 28.Qf3 Qb7 29.Be5 Qxe4
30.Qxe4 Nxe4 31.Rfe1 Ng5 32.Bg2 d3 33.h4 d2 34.Rf1 Nh7 35.Bc3 Nc4 36.b3 Rd3
37.bxc4 Rxc3 38.cxb5 Rd8 39.bxa6 Rxa3 40.Bb7 Nf6 41.f3 Ne8 42.Rf2 Ra2 43.Be4 Rxa6  1/2-1/2

[Event "New York op"]
[Site "New York"]
[Date "1994.??.??"]
[Round "9"]
[White "Frias, Victor J"]
[Black "Wojtkiewicz, Aleksander"]
[Result "1-0"]
[WhiteElo "2455"]
[BlackElo "2555"]

1.d4 d6 2.Nf3 Bg4 3.g3 Bxf3 4.exf3 e6 5.Bg2 d5 6.f4 c6 7.O-O Ne7 8.c3 Nd7
9.Re1 g6 10.Nd2 Bg7 11.Nf3 O-O 12.Ne5 Nf5 13.Qb3 Qc7 14.Bf1 Rfd8 15.Bd3 c5
16.Bxf5 c4 17.Qd1 exf5 18.Nxd7 Qxd7 19.b3 Rac8 20.Ba3 cxb3 21.axb3 Rxc3 22.Bb4 Rcc8
23.Rxa7 Qb5 24.Bc5 Re8 25.b4 Bf8 26.Re5 Qc6 27.Qb3 Rxe5 28.fxe5 f4 29.Qd3 fxg3
30.hxg3 h6 31.Qf3 h5 32.Qf6 Bxc5 33.dxc5 Rb8 34.Qd6 Re8 35.Qxc6 bxc6 36.Ra6 Rc8
37.f4 Kf8 38.Kf2 Ke7 39.Ke3 Rb8 40.Rb6 Rxb6 41.cxb6 Kd7 42.Kd4 Kc8 43.Kc5 Kb7
44.b5 cxb5 45.Kxb5 d4 46.Kc4 Kxb6 47.e6  1-0